00424nam a2200157Ia 4500003000400000008004100004040001600045082001300061100002100074245006300095260005200158300001000210650000900220650001800229650001900247GCL140319s9999 xx 000 0 eng d aGCL / cGCL04a700bW P1 aWAR DWELL, ALLEN10aPRIMITIVE ART FROM CHICAGO COLLECTION / cWAR DWELL, ALLEN a[S.N] : bTHE ART INSTITUTE OF CHICAE ، c1960 a201 P04aARTS04aART, AMERICAN04aART, PRIMITIVE